| 000 | 00496nam a2200181Ia 4500 | ||
|---|---|---|---|
| 999 |
_c1856 _d1856 |
||
| 003 | OSt | ||
| 005 | 20200923105446.0 | ||
| 008 | 190216s9999||||xx |||||||||||||| ||und|| | ||
| 020 | _a9780791089637 | ||
| 040 | _coclc | ||
| 082 |
_a581.63 _bYOU/E |
||
| 100 |
_aYoung, Kim J _94849 |
||
| 245 | 0 |
_aEthnobotany / _cKim J Young |
|
| 260 |
_bChelsea House Publishers, _c2006. _aNew York: |
||
| 300 | _a112p | ||
| 650 | _aBotany | ||
| 942 |
_cBK _2ddc _h581.63 _iYOU/E _k581.63 _mYOU/E |
||